| 000 | 00651nam a2200241Ia 4500 | ||
|---|---|---|---|
| 005 | 20250425162309.0 | ||
| 008 | 250425s9999 xx 000 0 und d | ||
| 020 | _a997892392 | ||
| 041 | _aspa | ||
| 082 | _a353.6 | ||
| 245 | 0 | _aPLAN DE REDUCCION DE RIESGOS DEL SECTOR SALUD. PROPUESTAS PARA EL ANALISIS DE VULNERABILIDAD Y RIESGO Y LINEAMIENTOS DE POLITICAS PARA SU GESTION | |
| 250 | _a1A ED. | ||
| 260 |
_aEcuador _bSENPLADES-CAF _c2005 |
||
| 260 | _aS.L. | ||
| 300 | _a118 | ||
| 500 | _aOBSOLETO | ||
| 650 | _aECUADOR | ||
| 650 | _aPLAN DE RIESGO | ||
| 650 | _aPLANIFICACION | ||
| 650 | _aSALUD | ||
| 942 | _c01 | ||
| 010 | _a60252 | ||
| 999 |
_c226329 _d226329 |
||